000 00311nam a2200133Ia 4500
008 240624s9999 xx 000 0 und d
041 _aeng
082 _a823 DAS
100 _aDASHNER JAMES
245 _aFEVER CODE
260 _c2017
_aNew Delhi
_bChicken House
300 _a329 p.; 19 cm.
365 _cRS
_b30
999 _c29502
_d29502